|
|
|
|
| LEADER |
00000nam0a2200000 4500 |
| 001 |
41538 |
| 005 |
20231031014413.0 |
| 035 |
|
|
|a (RuTPU)RU\TPU\book\42664
|
| 090 |
|
|
|a 41538
|
| 100 |
|
|
|a 20020624d1982 k y0rusy50 ca
|
| 101 |
0 |
|
|a rus
|
| 102 |
|
|
|a RU
|
| 105 |
|
|
|a a z 001zy
|
| 200 |
1 |
|
|a Кинетика неравновесной низкотемпературной плазмы
|f Л. М. Биберман, В. С. Воробьев, И. Т. Якубов
|
| 210 |
|
|
|a Москва
|c Наука
|d 1982
|
| 215 |
|
|
|a 375 с.
|c ил.
|
| 320 |
|
|
|a Библиогр.: с. 352-375.
|
| 610 |
1 |
|
|a физика
|
| 610 |
1 |
|
|a кинетика
|
| 610 |
1 |
|
|a плазма
|
| 610 |
1 |
|
|a низкотемпературная плазма
|
| 610 |
1 |
|
|a неравновесные состояния
|
| 610 |
1 |
|
|a молекулярная плазма
|
| 610 |
1 |
|
|a библиотека А. Г. Стромберга
|
| 675 |
|
|
|a 533.9
|v 3
|
| 700 |
|
1 |
|a Биберман
|b Л. М.
|g Леон Михайлович
|
| 701 |
|
1 |
|a Воробьев
|b В. С.
|g Владимир Сергеевич
|
| 701 |
|
1 |
|a Якубов
|b И. Т.
|g Игорь Тевфикович
|
| 712 |
0 |
2 |
|a Академия наук СССР (АН СССР)
|b Институт высоких температур (ИВТ)
|c (Москва)
|2 stltpush
|3 (RuTPU)RU\TPU\col\12055
|
| 801 |
|
1 |
|a RU
|b 63413507
|c 20020624
|g PSBO
|
| 801 |
|
2 |
|a RU
|b 63413507
|c 20170914
|g PSBO
|
| 900 |
|
|
|a Физика и техника низкотемпературной плазмы, плазмохимия, плазменные технологии обработки и модификации свойств материалов
|
| 942 |
|
|
|c BK
|